[Event "Nagykanizsa op"]
[Site "Nagykanizsa"]
[Date "1993.??.??"]
[Round "8"]
[White "Kovac, Boris"]
[Black "Milov, Leonid"]
[Result "0-1"]
[WhiteElo "2355"]
[BlackElo "2480"]

1.e4 c5 2.Nf3 e6 3.d4 cxd4 4.Nxd4 Nc6 5.Nb5 d6 6.c4 Nf6 7.Bg5 Be7 8.N1c3 O-O
9.Bf4 Ne8 10.Bd3 a6 11.Na3 Bf6 12.Rc1 b6 13.O-O Bb7 14.Bb1 Rb8 15.Be3 Ba8
16.Qa4 Nc7 17.Rfd1 Qe7 18.Qc2 Bxc3 19.e5 Qh4 20.exd6 Be5 21.f4 Bxd6 22.Rxd6 Ne8
23.Bf2 Qh6 24.Rdd1 Nf6 25.Qe2 Ne7 26.Rc3 Nh5 27.g3 Nf6 28.h4 Nf5 29.Bxf5 exf5
30.Rd6 Rfe8 31.Qd1 b5 32.cxb5 axb5 33.Rc5 Qg6 34.Rxb5 Rbc8 35.Re5 h5 36.Rxe8+ Rxe8
37.Nc4 Qg4 38.Qxg4 hxg4 39.Nb6 Bf3 40.Nc4 Ne4 41.Rd4 Nxf2 42.Kxf2 Re2+ 43.Kf1 Rg2
44.a4 Rxg3 45.a5 Rh3 46.Ne5 Rh1+ 47.Kf2 Rh2+ 48.Ke1 Bb7 49.Rd8+ Kh7 50.Nxf7 Kg6
51.h5+ Kf6 52.Ng5 Rxh5 53.Rf8+ Kg6 54.Rb8 Rh1+ 55.Kd2 Bd5 56.Rd8 Rh2+ 57.Kc3 Bh1
58.Rd1 Ba8 59.Rd6+ Kh5 60.Rd8 g3 61.Rxa8 g2 62.Rh8+ Kg4 63.Rxh2 g1=Q 64.Rd2 Qc5+
65.Kd3 Qd6+ 66.Kc3 Qc6+ 67.Kb4 Kxf4 68.Nh3+ Ke3 69.Rf2 Qb7+ 70.Kc5 Qe7+ 71.Kb5 g5
72.Rf1 Qe5+ 73.Ka4 Qxb2 74.a6 Qd4+ 75.Ka3  0-1

[Event "USA-chJ New York"]
[Site "New York"]
[Date "1993.??.??"]
[Round "?"]
[White "Shaked, Tal"]
[Black "Garber, Stanislav"]
[Result "0-1"]
[WhiteElo "2440"]
[BlackElo "2375"]

1.e4 c5 2.Nf3 e6 3.d4 cxd4 4.Nxd4 Nc6 5.Nb5 d6 6.c4 Nf6 7.N5c3 Be7 8.a3 O-O
9.Be2 a6 10.Be3 Ne5 11.f4 Ned7 12.Bf3 Qc7 13.b3 Rb8 14.Ba7 Ra8 15.Be3 Rb8
16.O-O b6 17.g4 Rd8 18.g5 Ne8 19.Ra2 Bb7 20.Bg4 Nc5 21.f5 exf5 22.exf5 d5
23.cxd5 f6 24.g6 h6 25.b4 Nd7 26.Qd2 Ne5 27.Bf4 Bd6 28.Be2 Nc4 29.Qd4 Bxf4
30.Rxf4 Ne5 31.Rd2 Nd6 32.Na4 Bc8 33.Qf2 Bd7 34.Nac3 a5 35.Bf1 axb4 36.axb4 Ra8
37.Rc2 Rdc8 38.Re2 Ra1 39.Re1 Rca8 40.Bg2 Nd3 41.Qe3 Nxe1  0-1

[Event "Nis op"]
[Site "Nis"]
[Date "1993.??.??"]
[Round "?"]
[White "Nikolic, Sinisa"]
[Black "Tregubov, Pavel V"]
[Result "1/2-1/2"]
[WhiteElo "2260"]
[BlackElo "2475"]

1.e4 c5 2.Nf3 e6 3.d4 cxd4 4.Nxd4 Nc6 5.Nb5 d6 6.c4 Nf6 7.N5c3 b6 8.Be2 Bb7
9.O-O Be7 10.Be3 O-O 11.f4 d5 12.exd5 exd5 13.Nxd5 Nxd5 14.cxd5 Nb4 15.Nc3 Bf6
16.Bf3 Bxc3 17.bxc3 Nxd5 18.Bd4 Rc8 19.Qb3 Rc7 20.Rad1 Rd7 21.Bg4 f5 22.Bf3 Kh8
23.c4 Nxf4 24.Bxg7+ Kxg7 25.Bxb7 Ne2+ 26.Kh1 Rxd1 27.Rxd1 Qf6 28.Qc2 Rd8
29.Bf3 Nc3 30.Rf1 Qe5 31.Bc6 Rc8 32.Bd7 Rxc4 33.Bxf5 Rf4 34.Qd3 Ne2 35.Rxf4 Qxf4
36.Qb1 Qd2 37.Bxh7 Qh6 38.g4 Nc3 39.Qc2 Qc6+ 40.Kg1 Qc5+ 41.Kg2 Qd5+ 42.Kg3 Qd6+
43.Kh4 Nd5 44.Bf5 Qh6+ 45.Kg3 Qe3+ 46.Kg2 Nf4+ 47.Kf1 Qf3+ 48.Qf2 Qd1+ 49.Qe1 Qf3+
50.Qf2 Qh1+ 51.Qg1 Qf3+ 52.Qf2 Qh1+  1/2-1/2

[Event "NLD-chT"]
[Site "?"]
[Date "1993.??.??"]
[Round "2"]
[White "Los, Sander"]
[Black "Ligterink, Gert"]
[Result "1-0"]
[WhiteElo "2320"]
[BlackElo "2435"]

1.e4 c5 2.Nf3 e6 3.d4 cxd4 4.Nxd4 Nc6 5.Nb5 d6 6.c4 Nf6 7.N1c3 a6 8.Na3 Be7
9.Be2 O-O 10.O-O b6 11.Be3 Bb7 12.Qb3 Nd7 13.Rfd1 Nc5 14.Qc2 Bf6 15.Rac1 Bxc3
16.Qxc3 Nxe4 17.Qb3 Rb8 18.Bxb6 Qf6 19.f3 Nc5 20.Qe3 Rfc8 21.Rxd6 Na4 22.c5 Nxb2
23.Rd7 Nb4 24.Ba7 Bc6 25.Bxb8 Rxb8 26.Rd6 g6 27.Qd4 Qxd4+ 28.Rxd4 Nxa2 29.Rc2 Rb3
30.Rdd2 Rxa3 31.Rxb2 Nc3 32.Rd6 Bb5 33.Bxb5 axb5 34.Rc2 Nd5 35.c6 Nc7 36.Rd7 Ra7
37.Rd8+ Kg7 38.Rb8 Nd5 39.Rxb5 Rc7 40.Rb7  1-0

[Event "NLD-chT"]
[Site "?"]
[Date "1993.??.??"]
[Round "2"]
[White "Timmerman, Gert J"]
[Black "Brenninkmeijer, Joris"]
[Result "1/2-1/2"]
[WhiteElo "2325"]
[BlackElo "2475"]

1.e4 c5 2.Nf3 e6 3.d4 cxd4 4.Nxd4 Nc6 5.Nb5 d6 6.c4 Nf6 7.N1c3 a6 8.Na3 Be7
9.Be2 O-O 10.O-O b6 11.Be3 Ne5 12.f4 Ned7 13.Bf3 Bb7 14.Qe2 Re8 15.Rfd1 Qc7
16.Rac1 Nc5 17.Bf2 Rac8 18.Bg3 h6 19.Kh1 Rcd8 20.Nc2 Qb8 21.b4 Ncd7 22.a3 Qa8
23.Nd4 Nf8 24.e5 dxe5 25.fxe5 N6d7 26.Ne4 Ng6 27.Nd6 Bxd6 28.Bxb7 Qxb7 29.exd6 Rc8
30.Nb3 f5 31.Qd3 Nge5 32.Bxe5 Nxe5 33.Qe2 Nd7 34.c5 Kf7 35.Rc2 bxc5 36.Nxc5 Qb5
37.Qxb5 axb5 38.Rdc1 Nxc5 39.d7 Nxd7 40.Rxc8 Re7 41.R8c7 e5 42.Rb7 e4 43.Rxb5 Ne5
44.Kg1 f4 45.Kf1 g5 46.h3 h5 47.a4 g4 48.hxg4 hxg4 49.a5 f3 50.gxf3 gxf3
51.Rxe5 Rxe5 52.Kf2 e3+ 53.Kxf3 e2 54.Re1 Rb5 55.Rxe2 Rxb4 56.Ra2 Ke6 57.a6 Rb8
58.Ke4 Kd6 59.Kd4 Ra8 60.Rh2 Kc6 61.Rh6+ Kb5 62.Rd6  1/2-1/2

[Event "Ontario-ch"]
[Site "Ontario"]
[Date "1993.??.??"]
[Round "3"]
[White "Teodoro, Eduardo"]
[Black "Stone, Raymond"]
[Result "0-1"]
[WhiteElo "2215"]
[BlackElo "2365"]

1.e4 c5 2.Nf3 Nc6 3.d4 cxd4 4.Nxd4 e6 5.Nb5 d6 6.Bf4 e5 7.Be3 a6 8.N5c3 Nf6
9.Na3 b5 10.Nd5 Rb8 11.Bg5 Be7 12.Bxf6 Bxf6 13.c3 O-O 14.Be2 Bg5 15.O-O Ne7
16.Nc2 Nxd5 17.Qxd5 Be6 18.Qd3 Qb6 19.Nb4 a5 20.Nd5 Qb7 21.Rad1 Rfc8 22.Qg3 Bd8
23.f4 exf4 24.Rxf4 b4 25.c4 Bxd5 26.Rxd5 b3 27.a3 g6 28.h4 Rc5 29.Rxc5 Bb6
30.Qd3 Qc7 31.Kf1 Qxc5 32.Ke1 Qe5 33.g3 Bd4 34.Bd1 a4 35.Qe2 Bxb2 36.Rf2 Bd4
37.Rg2 b2  0-1

[Event "Ostend op"]
[Site "Ostend"]
[Date "1993.??.??"]
[Round "4"]
[White "Tondivar, Babak"]
[Black "Wockenfuss, Klaus"]
[Result "1/2-1/2"]
[WhiteElo "2290"]
[BlackElo "2360"]

1.d4 e6 2.Nf3 c5 3.e4 cxd4 4.Nxd4 Nc6 5.Nb5 d6 6.c4 Nf6 7.N5c3 Be7 8.g3 O-O
9.Bg2 Bd7 10.O-O Rc8 11.Na3 a6 12.h3 Ne5 13.Bf4 Nxc4  1/2-1/2

[Event "Pamplona9394"]
[Site "Pamplona"]
[Date "1993.??.??"]
[Round "1"]
[White "Leko, Peter"]
[Black "Franco Ocampo, Zenon"]
[Result "1/2-1/2"]
[WhiteElo "2555"]
[BlackElo "2480"]

1.e4 c5 2.Nf3 Nc6 3.d4 cxd4 4.Nxd4 e6 5.Nb5 d6 6.c4 Nf6 7.N1c3 a6 8.Na3 Be7
9.Be2 b6 10.O-O Bb7 11.Be3 Nb8 12.f3 Nbd7 13.Qd2 O-O 14.Rfd1 Rc8 15.Rac1 Qc7
16.Bf1 Qb8 17.Rc2 Bd8 18.Qf2 Bc7 19.g4 Ne5 20.Be2 Nfd7 21.Qg2 Ng6 22.Rcd2 Rce8
23.Nc2 f5 24.exf5 exf5 25.Nd5 fxg4 26.fxg4 Nf6 27.Rf1 b5 28.g5 Nxd5 29.cxd5 Re5
30.Bg4 Rxf1+ 31.Qxf1 Bc8 32.Qh3 Bxg4 33.Qxg4 Bb6 34.Rd3 Bxe3+ 35.Nxe3 Qb6
36.Kf2 Ne7 37.Kf3 Qb7 38.h4 g6 39.Qd4 Nf5 40.Nxf5 Rxf5+ 41.Kg3 Re5  1/2-1/2

[Event "Pardubice op"]
[Site "Pardubice"]
[Date "1993.??.??"]
[Round "1"]
[White "Brodsky, Michail"]
[Black "Vasiliev, Vladislav"]
[Result "1-0"]
[WhiteElo "2515"]
[BlackElo "2265"]

1.e4 c5 2.Nf3 e6 3.d4 cxd4 4.Nxd4 Nc6 5.Nb5 d6 6.c4 Nf6 7.N1c3 a6 8.Na3 Be7
9.Be2 O-O 10.O-O b6 11.Be3 Nb8 12.f4 Bb7 13.Bf3 Qc7 14.Rc1 Nbd7 15.Qe2 Rac8
16.g4 h6 17.h4 Nc5 18.Qg2 b5 19.cxb5 d5 20.e5 Nfe4 21.Bxe4 dxe4 22.Na4 Nxa4
23.Rxc7 Rxc7 24.b6 Rc6 25.f5 Bxh4 26.f6 Nxb6 27.fxg7  1-0

[Event "Pardubice op"]
[Site "Pardubice"]
[Date "1993.??.??"]
[Round "3"]
[White "Joecks, Christian"]
[Black "Fominyh, Alexander"]
[Result "0-1"]
[WhiteElo "2345"]
[BlackElo "2515"]

1.e4 c5 2.Nf3 Nc6 3.d4 cxd4 4.Nxd4 e6 5.Nb5 d6 6.Bf4 e5 7.Be3 a6 8.N5c3 Nf6
9.Bc4 Be7 10.O-O Ng4 11.Nd5 Nxe3 12.Nxe3 Bg5 13.Qd3 O-O 14.Bb3 Be6 15.Nd2 Nb4
16.Qc3 a5 17.Bxe6 fxe6 18.Qb3 Qe7 19.Ndc4 Nc6 20.Rad1 Nd4 21.Qd3 b5 22.Na3 b4
23.Nac4 Rfd8 24.c3 bxc3 25.bxc3 Nc6 26.Nxd6 Bxe3 27.fxe3 h6 28.Rd2 Ra7 29.Rfd1 Rad7
30.Nc8 Qe8 31.Qxd7 Rxd7 32.Rxd7 Qxc8 33.h4 Nd4 34.Rd6 Qc7  0-1

[Event "Pardubice op"]
[Site "Pardubice"]
[Date "1993.??.??"]
[Round "7"]
[White "Shmuter, Leonid"]
[Black "Milov, Leonid"]
[Result "0-1"]
[WhiteElo "2455"]
[BlackElo "2480"]

1.e4 c5 2.Nf3 e6 3.d4 cxd4 4.Nxd4 Nc6 5.Nb5 d6 6.c4 Nf6 7.N1c3 a6 8.Na3 b6
9.Be2 Bb7 10.O-O Ne5 11.f4 Ned7 12.Bf3 Be7 13.Qe2 O-O 14.Be3 Rc8 15.g4 h6
16.h4 d5 17.exd5 Bxa3 18.bxa3 Nxd5 19.cxd5 Rxc3 20.dxe6 Bxf3 21.Rxf3 fxe6
22.Rd1 Qe7 23.g5 h5 24.Bf2 Rxf3 25.Qxf3 Qf7 26.Rd6 Ne5 27.Qe4 Ng6 28.Qxe6 Qxe6
29.Rxe6 Nxf4 30.Re3 Kh7 31.Bg3 Kg6 32.Re4 Nd5 33.Re6+ Kf5 34.Re5+ Kg4 35.Kh2 Rf5
36.g6 Rxe5 37.Bxe5 b5 38.Bxg7 Nf4 39.Bf6 Nxg6 40.Bd8 Nxh4 41.Ba5 Kf3 42.Bb4 Nf5
43.Kh3 Ke2 44.Kg2 Kd3  0-1

[Event "Podgorica"]
[Site "Podgorica"]
[Date "1993.??.??"]
[Round "13"]
[White "Ivanovic, Bozidar"]
[Black "Kontic, Djordje"]
[Result "1/2-1/2"]
[WhiteElo "2470"]
[BlackElo "2400"]

1.e4 c5 2.Nf3 Nc6 3.d4 cxd4 4.Nxd4 e6 5.Nb5 d6 6.c4 Nf6 7.N1c3 a6 8.Na3 b6
9.Be2 Bb7 10.O-O Nb8 11.f3 Nbd7 12.Be3 Qc7 13.Rc1 Be7 14.Qe1 O-O 15.Qf2 Rac8
16.Rfd1  1/2-1/2

[Event "Reykjavik op"]
[Site "Reykjavik"]
[Date "1993.??.??"]
[Round "6"]
[White "Gislason, Gudmundur"]
[Black "Van Mil, Johannes A J"]
[Result "0-1"]
[WhiteElo "2265"]
[BlackElo "2435"]

1.e4 c5 2.Nf3 e6 3.d4 cxd4 4.Nxd4 Nc6 5.Nb5 d6 6.c4 Nf6 7.N1c3 a6 8.Na3 Be7
9.Be2 b6 10.O-O Bb7 11.f4 O-O 12.Kh1 Rc8 13.Bf3 Na5 14.Qe2 Qc7 15.e5 dxe5
16.fxe5 Nd7 17.Bxb7 Nxb7 18.c5 Nbxc5 19.Bf4 b5 20.b4 Na4 21.Nxa4 bxa4 22.Qxa6 Ra8
23.Qe2 Bxb4 24.Nb5 Qa5 25.a3 Rfb8 26.Nd6 Bxd6 27.exd6 e5 28.Bd2 Qd5 29.Bb4 Rc8
30.Rac1 Rxc1 31.Rxc1 e4 32.h3 Ne5 33.Qa6 h5 34.Qe2 Nd3 35.Rf1 Rd8 36.Qc2 Nxb4
37.axb4 Rxd6 38.Qxa4 Qe6 39.Qa8+ Kh7 40.b5 f5 41.Qf8 e3  0-1

[Event "Reykjavik op"]
[Site "Reykjavik"]
[Date "1993.??.??"]
[Round "8"]
[White "Jonsson, Bjorgvin"]
[Black "Pliester, Leon"]
[Result "0-1"]
[WhiteElo "2400"]
[BlackElo "2385"]

1.e4 c5 2.Nf3 e6 3.d4 cxd4 4.Nxd4 Nc6 5.Nb5 d6 6.c4 Nf6 7.N1c3 a6 8.Na3 Be7
9.Be2 b6 10.Be3 Bb7 11.f4 O-O 12.O-O Rc8 13.Bf3 Qc7 14.Rc1 Rfe8 15.g4 Bf8
16.g5 Nd7 17.Qe2 Qb8 18.Qg2 Ba8 19.h4 Na5 20.Ne2 b5 21.cxb5 axb5 22.b4 Nc6
23.Nc3 d5 24.exd5 exd5 25.Nxd5 Nxb4 26.Rxc8 Qxc8 27.Nxb4 Rxe3 28.Bxa8 Rxa3
29.Bc6 Bxb4 30.Rd1 Nf8  0-1

[Event "ROM-chT"]
[Site "ROM"]
[Date "1993.??.??"]
[Round "8"]
[White "Milu, Romeo Sorin"]
[Black "Miulescu, Gabriel"]
[Result "1/2-1/2"]
[WhiteElo "2410"]
[BlackElo "2355"]

1.e4 c5 2.Nf3 e6 3.d4 cxd4 4.Nxd4 Nc6 5.Nb5 d6 6.c4 Nf6 7.N5c3 Be7 8.g3 O-O
9.Bg2 a6 10.O-O Qc7 11.h3 b6 12.Be3 Bb7 13.Nd2 Ne5 14.Qe2 Rac8 15.Rac1 Rfe8
16.f4 Ng6 17.a3 Qb8 18.b4  1/2-1/2

[Event "Rostov op"]
[Site "Rostov"]
[Date "1993.??.??"]
[Round "?"]
[White "Namgilov, Sogto"]
[Black "Kuzmin, Gennadi P"]
[Result "0-1"]
[WhiteElo "2440"]
[BlackElo "2525"]

1.e4 c5 2.Nf3 e6 3.d4 cxd4 4.Nxd4 Nc6 5.Nb5 d6 6.c4 Nf6 7.N5c3 Be7 8.Be2 O-O
9.O-O b6 10.f4 Bb7 11.Bf3 Rb8 12.Kh1 Na5 13.b3 d5 14.cxd5 exd5 15.exd5 Ba6
16.Re1 Nb7 17.Na4 Bd6 18.Be3 Re8 19.Nd2 Ba3 20.Bd4 Rxe1+ 21.Qxe1 Nxd5 22.Rd1 Bf8
23.Ne4 Qe7 24.Be5 Nb4 25.Nb2 Rd8 26.Qg3 Rxd1+ 27.Nxd1 Nc5 28.Nf6+ Kh8 29.Qh4 h6
30.Ne3 Ncd3 31.Bd4 Qd6 32.f5 Be7 33.Ne8 Bxh4 34.Nxd6 Kg8 35.a3 Be7 36.Ndc4 Bxc4
37.Nxc4 Nc2 38.f6 gxf6 39.Bc3 Nxa3 40.Nxa3 Bxa3 41.Bxf6 Bd6 42.g3 Kf8 43.Bd5 Be5
44.Bc4 Nf2+ 45.Kg2 Ng4 46.Bxe5 Nxe5 47.Be2 Ke7 48.Kf2 f5 49.Ke3 Kf6 50.Kd4 Ke6
51.Ke3 Ng4+ 52.Kf4 Nf6 53.Ba6 Nd5+ 54.Kf3 Ke5 55.h4 Nf6 56.Bc4 a5 57.Bd3 Ne4
58.Bc2 h5 59.Bd1 b5 60.Kg2 Nf6 61.Kf2 Kd4 62.Kf3 Kc3 63.Ke3 Nd5+ 64.Kf2 Nf6
65.Ke3 b4 66.Kf3 Kd2 67.Be2 a4 68.bxa4 b3 69.Bc4 b2 70.Ba2 Ne4 71.Bb1 Kc1
72.Bd3 Nd2+ 73.Ke3 Nb3 74.a5 Nxa5 75.Kd4 Nb3+ 76.Kc3 Nd2 77.Bxf5 Nf1 78.Kd4 Nxg3
79.Bg6 Nf1 80.Bh7 Nd2 81.Ke3 Nb3  0-1

[Event "San Fernando op"]
[Site "San Fernando"]
[Date "1993.??.??"]
[Round "5"]
[White "Sorokin, Maxim"]
[Black "Giardelli, Sergio C"]
[Result "1/2-1/2"]
[WhiteElo "2490"]
[BlackElo "2425"]

1.e4 c5 2.Nf3 e6 3.d4 cxd4 4.Nxd4 Nc6 5.Nb5 d6 6.c4 Nf6 7.N1c3 a6 8.Na3 Be7
9.Be2 O-O 10.O-O b6 11.Be3 Ne5 12.f4 Ned7 13.Bf3 Bb7 14.g4 h6 15.Qe2 Qc7
16.Nab1 Rac8 17.Nd2 Qb8 18.Rad1 Nh7 19.Bg2 Rfd8 20.Rf3 Bc6 21.a4 Bf6 22.Rh3 Bxc3
23.bxc3 Bxa4 24.Rf1 Ndf8 25.Ra1 b5 26.g5 hxg5 27.fxg5 Qc7 28.e5 d5 29.Bd4 Qe7
30.Rg3 Ng6 31.cxd5 exd5 32.Nf3 Rc6 33.Qd2 Nhf8 34.h4 Nd7 35.Qe3 Bc2  1/2-1/2

[Event "ARG-chJ"]
[Site "San Jorge"]
[Date "1993.??.??"]
[Round "2"]
[White "Bonaveri, Agustin"]
[Black "Dolezal, Cristian"]
[Result "1-0"]
[WhiteElo "2180"]
[BlackElo "2240"]

1.e4 c5 2.Nf3 e6 3.d4 cxd4 4.Nxd4 Nc6 5.Nb5 d6 6.c4 Nf6 7.N1c3 a6 8.Na3 Be7
9.Be2 O-O 10.O-O Bd7 11.Be3 Na7 12.f3 Qb8 13.Qb3 Bc6 14.Rfd1 Nd7 15.Bf4 b6
16.Rd2 Nc8 17.Kh1 Ra7 18.Qd1 Rc7 19.Nc2 Bb7 20.Rc1 Ne5 21.Qf1 Rd8 22.Rcd1 Ng6
23.Be3 Bf6 24.Qf2 Ba8 25.Nb4 Bxc3 26.bxc3 Qa7 27.c5 bxc5 28.Nxa6 Rcd7 29.Bb5 Rb7
30.Bxc5 Nb6 31.Rxd6 Rxd6  1-0

[Event "St Petersburg op"]
[Site "St Petersburg"]
[Date "1993.??.??"]
[Round "?"]
[White "Minasian, Artashes"]
[Black "Tregubov, Pavel V"]
[Result "1-0"]
[WhiteElo "2535"]
[BlackElo "2475"]

1.e4 c5 2.Nf3 e6 3.d4 cxd4 4.Nxd4 Nc6 5.Nb5 d6 6.c4 Nf6 7.N1c3 a6 8.Na3 b6
9.Be3 Nb8 10.Qa4+ Nbd7 11.Be2 Bb7 12.O-O Qc7 13.Rac1 Be7 14.Qc2 Nc5 15.f3 O-O
16.Rfd1 Rac8 17.Bf1 Qb8 18.Qf2 Bd8 19.Kh1 Ncd7 20.Rc2 Bc7 21.Rcd2 Kh8 22.Qh4 Ne5
23.Qh3 Rce8 24.Bg5 Ng6 25.Nc2 Ng8 26.Nd4 Bc8 27.Bd3 d5 28.cxd5 exd5 29.Qh5 Bf4
30.Bxf4 Nxf4 31.Qh4 Nxd3 32.Rxd3 dxe4 33.Nxe4 Ne7 34.Qg3 Qxg3 35.hxg3 Nf5
36.g4 Nxd4 37.Rxd4 Be6 38.b3 h6 39.Kh2 Rc8 40.R1d2 Rc6 41.Nd6 Kh7 42.Nb7 Bc8
43.Nd8 Rc7 44.Rd6 b5 45.Kg3 Re8 46.Nc6 Re6 47.Rxe6 Bxe6 48.Rd6 g5 49.Kf2 Rd7
50.Rxd7 Bxd7 51.Ne5 Be6 52.Ke3 a5 53.Nc6 a4 54.Nd4 axb3 55.axb3 Bd5 56.b4 Bc4
57.Nf5 Kg6 58.Kd4 h5 59.Ne3 Be2 60.gxh5+ Kxh5 61.Kc3 g4 62.Nxg4 Kh4 63.Ne3 Kg3
64.Kd2 Kf2 65.Ng4+ Kf1 66.Ke3 f5 67.Ne5 f4+ 68.Kxf4 Kxg2 69.Ke3 Bd1 70.f4 Bc2
71.Nd3  1-0

[Event "Rilton Cup op9394"]
[Site "Stockholm"]
[Date "1993.??.??"]
[Round "1"]
[White "Angqvist, Thore"]
[Black "Engqvist, Thomas"]
[Result "0-1"]
[WhiteElo "2230"]
[BlackElo "2420"]

1.e4 c5 2.Nf3 e6 3.d4 cxd4 4.Nxd4 Nc6 5.Nb5 d6 6.c4 Nf6 7.N1c3 a6 8.Na3 Be7
9.Be2 O-O 10.O-O b6 11.Be3 Bb7 12.f4 Nb8 13.Bf3 Nbd7 14.Qe2 Rc8 15.Nab1 Nc5
16.Bf2 Qc7 17.Nd2 Ncd7 18.Rac1 Qd8 19.Rfd1 Qc7 20.b3 Rfd8 21.Nf1 Qb8 22.g4 Ne8
23.Bg2 g5 24.f5 Qc7 25.Ng3 Nef6 26.h3 Ne5 27.Na4 Nfd7 28.Nh5 b5 29.cxb5 Qxc1
30.Rxc1 Rxc1+ 31.Kh2 axb5 32.Be3 Rc6 33.Qxb5 Ba8 34.f6 Nxf6 35.Nxf6+ Bxf6
36.Nb6 Rc2 37.Nxa8 Rxa8 38.Qf1 Raxa2 39.Qxf6 Rxg2+ 40.Kh1 Rh2+ 41.Kg1 Rhc2
42.Qf1 Nf3+ 43.Qxf3 Ra1+ 44.Qf1 Rxf1+ 45.Kxf1 f6 46.b4 Rb2 47.Bd4 Rxb4 48.Bxf6 h6
49.e5 Rf4+  0-1

[Event "EU-ch U18 Girls"]
[Site "Svitavy"]
[Date "1993.??.??"]
[Round "11"]
[White "Petrenko, Svetlana"]
[Black "Paasikangas, Johanna"]
[Result "1-0"]
[WhiteElo "2075"]
[BlackElo "2200"]

1.e4 c5 2.Nf3 e6 3.d4 cxd4 4.Nxd4 Nc6 5.Nb5 d6 6.c4 a6 7.N5c3 Nf6 8.Be2 Be7
9.Be3 O-O 10.O-O b6 11.f3 Bb7 12.Na3 Rc8 13.Kh1 Nd7 14.Rc1 Nc5 15.Qd2 f5
16.exf5 Rxf5 17.Nc2 Ne5 18.f4 Nf7 19.Bf3 Bxf3 20.Rxf3 Nh6 21.Nd4 Rf6 22.b4 Nd7
23.Ne4 Rg6 24.Nxe6 Rxe6 25.Qd5 Nf8 26.f5 Nxf5 27.Rxf5 Qd7 28.Bxb6 g6 29.Rf3 Qe8
30.Rxf8+  1-0

[Event "SWE-chT 9293"]
[Site "SWE"]
[Date "1993.??.??"]
[Round "9"]
[White "Svensson, Bengt"]
[Black "Eriksson, Anders"]
[Result "1/2-1/2"]
[WhiteElo "2380"]
[BlackElo "2270"]

1.e4 c5 2.Nf3 e6 3.d4 cxd4 4.Nxd4 Nc6 5.Nb5 d6 6.c4 a6 7.N5c3 Nf6 8.Be2 b6
9.Be3 Be7 10.O-O O-O 11.f4 Bb7 12.Na3 Rc8 13.Qb3 Nd7 14.Rfd1 Qc7 15.Rac1 Nc5
16.Qc2 Bf6 17.Bf3 Rfd8 18.Nab1 Ba8 19.Qe2 Qb8 20.Kh1 g6 21.Rd2 Bg7 22.Rcd1 Bf8
23.Na3 Nb4 24.Nab1 Nc6 25.Na3 Nb4 26.Nab1 Nc6 27.Na3  1/2-1/2

[Event "SWZ-chT"]
[Site "?"]
[Date "1993.??.??"]
[Round "?"]
[White "Trepp, Markus"]
[Black "Kamber, Bruno"]
[Result "1/2-1/2"]
[WhiteElo "2375"]
[BlackElo "2340"]

1.e4 c5 2.Nf3 e6 3.d4 cxd4 4.Nxd4 Nc6 5.Nb5 Bc5 6.Bf4 e5 7.Be3 d6 8.Bxc5 dxc5
9.Qxd8+ Kxd8 10.Bc4 Ke7 11.Nc7 Rb8 12.Nc3 Nf6 13.N3d5+ Nxd5 14.Nxd5+ Kf8
15.Ne3 Ke7 16.Nd5+ Kf8 17.Ne3 Ke7 18.O-O-O Rd8 19.c3 Rxd1+ 20.Rxd1 Be6 21.Bd5 g6
22.f3 Bxd5 23.Nxd5+ Ke6 24.Nc7+ Ke7 25.Nd5+ Ke6 26.Nc7+  1/2-1/2

[Event "Tel Aviv ASA"]
[Site "Tel Aviv"]
[Date "1993.??.??"]
[Round "3"]
[White "Mashian, Yaacov"]
[Black "Afek, Yochanan"]
[Result "1/2-1/2"]
[WhiteElo "2230"]
[BlackElo "2430"]

1.e4 c5 2.Nf3 Nc6 3.d4 cxd4 4.Nxd4 e6 5.Nb5 d6 6.c4 Nf6 7.N1c3 a6 8.Na3 Be7
9.g3 Bd7 10.Bg2 Rc8 11.O-O Ne5 12.Bf4 O-O 13.Qe2 Qc7 14.Rac1 Rfd8 15.Rfd1 Be8
16.h3 Qc5  1/2-1/2

[Event "Ticino op"]
[Site "Ticino"]
[Date "1993.??.??"]
[Round "2"]
[White "Baumann, Claude"]
[Black "Ksieski, Zbigniew"]
[Result "0-1"]
[WhiteElo "2070"]
[BlackElo "2340"]

1.e4 c5 2.Nf3 e6 3.d4 cxd4 4.Nxd4 Nc6 5.Nb5 d6 6.c4 Nf6 7.N1c3 a6 8.Na3 b6
9.Be2 Bb7 10.O-O Be7 11.Be3 O-O 12.Qb3 Nd7 13.Rfd1 Ra7 14.Rac1 Ba8 15.Kh1 Qb8
16.Nab1 Rd8 17.Nd2 Rc7 18.a4 Nc5 19.Qa2 Nb4 20.Qb1 Bc6 21.b3 Bf6 22.f3 Rcc8
23.Na2 Nxa2 24.Qxa2 a5 25.Nf1 d5 26.cxd5 exd5 27.exd5 Bxd5 28.Rxd5 Rxd5 29.b4 Re5
30.bxc5 Rxe3 31.Nxe3 Bg5 32.Rc3 Qe5 33.Nd1 Rd8 34.Nf2 Qxc3  0-1

[Event "Turku op"]
[Site "Turku"]
[Date "1993.??.??"]
[Round "?"]
[White "Sammalvuo, Tapani"]
[Black "Kiik, Kalle"]
[Result "0-1"]
[WhiteElo "2280"]
[BlackElo "2365"]

1.e4 c5 2.Nf3 e6 3.d4 cxd4 4.Nxd4 Nc6 5.Nb5 d6 6.c4 Nf6 7.N5c3 Be7 8.g3 O-O
9.Bg2 Bd7 10.O-O Rc8 11.Qe2 a6 12.Na3 Qc7 13.Be3 Ne5 14.Rac1 Qb8 15.h3 Bd8
16.f4 Ng6 17.Rfd1 Ba5 18.Qd3 Bc6 19.Nc2 Bxc3 20.bxc3 Rfd8 21.Bb6 Rd7 22.Rd2 d5
23.cxd5 exd5 24.e5 Ne4 25.Bxe4 dxe4 26.Qe3 Ne7 27.Rxd7 Bxd7 28.Nb4 Bxh3 29.Qxe4 Be6
30.Rd1 a5 31.Nc2 Qa8 32.Ne3 Qa6 33.Bc5 Qc6 34.Qxc6 Nxc6 35.Nd5 h5 36.Nb6 Re8
37.a3 Kh7 38.Kf2 Bg4 39.Rd2 f6 40.exf6 gxf6 41.Nd5 Kg6 42.Rb2 Bc8 43.Re2 Rd8
44.Ne7+ Nxe7 45.Rxe7 Rd2+ 46.Re2 Rd3 47.Bd4 Bg4 48.Rb2 Bf3 49.Be3 Bc6 50.Rc2 Kf5
51.Ke2 Be4 52.Rc1 Kg4 53.Bf2 a4 54.Be1 Rd6 55.c4 Bf3+ 56.Ke3 Re6+ 57.Kf2 Re2+
58.Kf1 Ra2 59.Rc3 Bg2+ 60.Kg1 Be4 61.Re3 f5 62.Bf2 Ra1+ 63.Be1 Rc1 64.Kf2 Rc2+
65.Kf1 Rxc4 66.Kf2 Rc2+ 67.Re2 Rc1 68.Re3 Ra1 69.Ke2 Ra2+ 70.Kf1  0-1

[Event "Velden op"]
[Site "Velden"]
[Date "1993.??.??"]
[Round "6"]
[White "Korneev, Oleg"]
[Black "Horvath, Jozsef"]
[Result "1/2-1/2"]
[WhiteElo "2490"]
[BlackElo "2535"]

1.e4 c5 2.Nf3 e6 3.d4 cxd4 4.Nxd4 Nc6 5.Nb5 d6 6.c4 Nf6 7.N1c3 a6 8.Na3 d5
9.exd5 exd5 10.cxd5 Nb4 11.Be2 Nfxd5 12.O-O Be6 13.Nxd5 Qxd5 14.Bc4 Qxd1
15.Rxd1 Bc5 16.Bxe6 fxe6 17.Nc4 Nc2 18.Rb1 O-O 19.Be3 Nxe3 20.Nxe3 Rac8 21.Rbc1 Rc6
22.h3 h6 23.b3 Kh7 24.Rc4 Bxe3 25.fxe3 Rxc4 26.bxc4 Rc8 27.Rd7 Rxc4 28.Rxb7 e5
29.Re7 e4 30.Kh2 Ra4 31.Kg3 Kg6 32.h4 Kf6 33.Re8 h5 34.Rf8+ Ke7 35.Rf2 a5
36.Kf4 Kf6 37.g3 Kg6 38.Ke5 Rb4 39.Rc2 Kh7 40.Rc3 a4 41.a3 Rb3 42.Kd4 Rxc3
43.Kxc3 Kg6 44.Kd4 Kf5 45.Kd5 g6 46.Kd4 Kg4 47.Kxe4 Kxg3  1/2-1/2

[Event "Vicente Lopez op"]
[Site "Vicente Lopez"]
[Date "1993.??.??"]
[Round "4"]
[White "Caramia, Javier"]
[Black "Giardelli, Sergio C"]
[Result "0-1"]
[WhiteElo "2065"]
[BlackElo "2425"]

1.e4 c5 2.Nf3 e6 3.d4 cxd4 4.Nxd4 Nc6 5.Nb5 d6 6.c4 Nf6 7.N1c3 a6 8.Na3 Be7
9.Be2 O-O 10.O-O b6 11.Be3 Ne5 12.Rc1 Qc7 13.Qd4 Ned7 14.Rfd1 Bb7 15.f3 Rac8
16.Nc2 Rfe8 17.Qd2 Qb8 18.Nd4 Bd8 19.Bf1 Bc7 20.Kh1 Qa8 21.Nc2 h6 22.b4 Qb8
23.Qf2 d5 24.cxd5 Bxh2 25.dxe6 Bg3 26.Qe2 Rxe6 27.Ne1 Rxc3 28.Rxc3 Qe5  0-1

[Event "Zaragoza op"]
[Site "Zaragoza"]
[Date "1993.??.??"]
[Round "?"]
[White "Kolev, Aleksandar"]
[Black "De la Riva Aguado, Oscar"]
[Result "0-1"]
[WhiteElo "2345"]
[BlackElo "2400"]

1.e4 c5 2.Nf3 e6 3.d4 cxd4 4.Nxd4 Nc6 5.Nb5 d6 6.c4 Nf6 7.N1c3 a6 8.Na3 Be7
9.Be2 O-O 10.O-O b6 11.Be3 Bb7 12.Rc1 Ne5 13.f3 Rc8 14.Qd2 Ned7 15.Rfd1 Qc7
16.Bf1 Qb8 17.Kh1 Rfe8 18.Nc2 Qa8 19.b3 Bf8 20.Bd4 Qb8 21.Bf2 h6 22.Bg1 Red8
23.Bf2 Re8 24.Ne3 Ne5 25.Bg1 Red8 26.Qf2 Kh8 27.h3 Ba8 28.Bh2 Be7 29.Qd2 Bf8
30.Re1 Qc7 31.Qb2 Bb7 32.b4 Qb8 33.a3 g5 34.Qf2 Nh5 35.g3 Be7 36.f4 gxf4
37.gxf4 Ng6 38.Ng2 Rg8 39.Bd3 Rcf8 40.Be2 Ng7 41.Bf3 f5 42.Qe2 Qa8 43.Rf1 Bf6
44.exf5 Nxf5 45.Bxb7 Qxb7 46.Qe4 Qf7 47.Nd1 Nge7 48.Qf3 Nd4 49.Qf2 Qh5 50.f5 Qxh3
51.Rc3 Qxf5 52.Qe1 Qh5 53.Nf4 Qe8 54.Qe4 Nef5 55.Rh3 Bg5 56.Re1 e5 57.Nd5 Qc6
58.Nb2 Rg7 59.Rg1 Rff7 60.Nd3 Kg8 61.c5 bxc5 62.bxc5 Qc8 63.Rh5 Qe6 64.Nc3 Bd2
65.Ne2 Nxe2  0-1

[Event "Alushta3"]
[Site "Alushta"]
[Date "1994.??.??"]
[Round "2"]
[White "Kruppa, Yuri"]
[Black "Fominyh, Alexander"]
[Result "1-0"]
[WhiteElo "2505"]
[BlackElo "2515"]

1.e4 c5 2.Nf3 e6 3.d4 cxd4 4.Nxd4 Nc6 5.Nb5 d6 6.c4 Nf6 7.N1c3 a6 8.Na3 b6
9.Be3 Be7 10.Be2 O-O 11.O-O Bb7 12.Qb3 Nd7 13.Rfd1 Nc5 14.Qc2 Bf6 15.Rac1 Qe7
16.Nab1 Nb4 17.Qd2 Rfd8 18.Qe1 a5 19.Bf1 Rab8 20.f3 d5 21.cxd5 exd5 22.exd5 Nxd5
23.Nxd5 Bxd5 24.Nc3 Be6 25.Qf2 h6 26.Bd4 Bh4 27.Qe3 Bg5 28.f4 Bf6 29.Be5 Rxd1
30.Rxd1 Rd8 31.Rxd8+ Qxd8 32.Bxf6 Qxf6 33.Qd2 Qe7 34.Qd4 Bf5 35.Qd2 Nd7 36.h3 h5
37.Kh2 Be6 38.Be2 Nf6 39.Bf3 Qc5 40.Qd8+ Kh7 41.Be4+ Bf5 42.Na4 Qb5 43.Qxb6 Qxa4
44.Bxf5+ Kh6 45.Qb8 Ne8 46.Qe5 f6 47.Qe4 Qxe4 48.Bxe4 Nd6 49.Bd3 h4 50.g3 hxg3+
51.Kxg3 Kh5 52.b3 g5 53.f5 Kh6 54.a3 Nc8 55.Kf2 Kh5 56.Be2+ Kh4 57.Bg4 Nd6
58.Ke3 Kg3 59.Kd4 Nb5+ 60.Kd5 Nxa3 61.Ke6 Nc2  1-0